000 00922nam a2200301Ia 4500
001 Z_246
003 CHAP
008 220113s1989 xx 000 0 und d
010 _a163220
040 _cCHAP
082 _a636.080972 F8
100 _aFuente H , Juan de la
_9137518
245 _aBonanza y crisis de la ganadería nacional: una visión integral de la actividad pecuaria en México /
_cpor Juan de la Fuente H. [y otros]
260 _aChapingo, Méx. :
_bUACH. Subdirección de Investigación,
_c1989
300 _a349 p. + anexo estadístico
440 _a
500 _a
503 _a
650 _aGanadería
_xMéxico
_9137519
650 _aMéxico
_xGanadería I. UACH. Subdirección de Investigación II. t.
_9137520
650 _aPolítica ganadera
_xMéxico
_9137521
901 _a636.080972 F8
902 _aA
910 _a1989
942 _c1
942 _cc1
999 _c163220
_d163220